000
00243nam a2200097Ia 4500
001
1251152
005
20251031150910.0
008
251031s9999 xx 000 0 und d
245
0
_c
MURAT MURAT
_a
I-4 GEZEGEN REHBERİ
260
_b
CEZVE YAYINLARI
999
_c
1251152
_d
1251152